| 000 | 00000nas 2200000za 4500 |
| 001 | 9.812448 |
| 003 | CaOODSP |
| 005 | 20221107141327 |
| 007 | cr ||||||||||| |
| 008 | 160304d19561968oncar p oss f000#a0eng|d |
| 022 | |y0575-9870 |
| 040 | |aCaOODSP|beng |
| 041 | |aeng|afre |
| 043 | |an-cn--- |
| 086 | 1 |aCS81-208-PDF |
| 245 | 00|aSurvey of education finance |h[electronic resource] = |cDominion Bureau of Statistics, Education Division, Elementary and Secondary Education Section = Les finances de l'enseignement / Bureau fédéral de la statistique, Division de l'éducation, Section de l'enseignement élémentaire et secondaire. |
| 246 | 11|aFinances de l'enseignement |
| 260 | |aOttawa : |bDominion Bureau of Statistics = Bureau fédéral de la statistique, |c1960-1973. |
| 310 | |aAnnual |
| 362 | 0 |a1954/56-1968. |
| 500 | |aDigitized edition from print [produced by Statistics Canada]. |
| 546 | |aText in English and French. |
| 550 | |aIssued 1957-1966 by Education Division, Finance Section; 1967 by Statistics Canada, Education Division, Finance Section; 1968 by Education, Science and Culture Division. |
| 580 | |aMerger of: a part of Survey of elementary and secondary education; a part of Relevé de l'enseignement élémentaire et de l'enseignement secondaire; a part of Survey of higher education; and, a part of Preliminary statistics of education. |
| 692 | 07|2gccst|aEducation |
| 710 | 1 |aCanada.|bDominion Bureau of Statistics.|bElementary and Secondary Education Section. |
| 710 | 1 |aCanada.|bDominion Bureau of Statistics.|bEducation Division.|bFinance Section. |
| 710 | 1 |aCanada.|bStatistics Canada.|bEducation Division.|bFinance Section. |
| 710 | 1 |aCanada. |bStatistics Canada. |bEducation, Science and Culture Division. |
| 780 | 00|tPreliminary statistics of education |w(CaOODSP)9.810685 |
| 780 | 00|tSurvey of higher education |w(CaOODSP)9.818252 |
| 780 | 00|tSurvey of elementary and secondary education |w(CaOODSP)9.813990 |
| 785 | 00|tFinancial statistics of education |w(CaOODSP)9.813914 |
| 792 | |tSurvey of education finance |efre|w(CaOODSP)9.812495 |